Statistiques concernant Pokémon apparaissant le moins dans le Pokédex

Cliquez ici pour prendre le quiz!

Statistiques générales

  • Ce quiz a été pris 11 fois
  • Le résultat moyen est 112 sur 221

Statistiques - réponses

Nombres d'ApparitionsPokémon% Correct
1Arceus
89%
1Celebi
89%
1Entei
89%
1Ho-Oh
89%
1Latias
89%
1Latios
89%
1Lugia
89%
1Raikou
89%
1Suicune
89%
1Darkrai
78%
1Deoxys
78%
1Groudon
78%
1Jirachi
78%
1Kyogre
78%
1Meloetta
78%
1Rayquaza
78%
1Shaymin
78%
1Diancie
67%
1Éthernatos
67%
1Heatran
67%
1Hoopa
67%
1Keldeo
67%
1Phione
67%
1Regigigas
67%
1Reshiram
67%
1Victini
67%
1Volcanion
67%
1Wushours
67%
1Xerneas
67%
1Yveltal
67%
1Zacian
67%
1Zamazenta
67%
1Zekrom
67%
1Ama-Ama
56%
1Amovénus
56%
1Bamboiselle
56%
1Blizzeval
56%
1Câblifère
56%
1Cancrelove
56%
1Cosmog
56%
1Cosmovum
56%
1Cresselia
56%
1Dinglu
56%
1Engloutyran
56%
1Épine-de-Fer
56%
1Farfurex
56%
1Flotte-Mèche
56%
1Garde-de-Fer
56%
1Genesect
56%
1Hotte-de-Fer
56%
1Hurle-Queue
56%
1Katagami
56%
1Koraidon
56%
1Kyurem
56%
1Lunala
56%
1Magearna
56%
1Mandrillon
56%
1Marshadow
56%
1Melmétal
56%
1Meltan
56%
1Miraidon
56%
1Mite-de-Fer
56%
1Motorizard
56%
1Mouscoto
56%
1Necrozma
56%
1Ossatueur d'Alola
56%
1Paume-de-Fer
56%
1Pelage-Sablé
56%
1Pierroteknik
56%
1Pohm
56%
1Rampe-Ailes
56%
1Regidrago
56%
1Regieleki
56%
1Roue-de-Fer
56%
1Rugit-Lune
56%
1Serpente-Eau
56%
1Shifours
56%
1Solgaleo
56%
1Sylveroy
56%
1Taupikeau
56%
1Terapagos
56%
1Têtes-de-Fer
56%
1Tokopisco
56%
1Tokopiyon
56%
1Tokorico
56%
1Tokotoro
56%
1Triopikeau
56%
1Vémini
56%
1Yuyu
56%
1Zarude
56%
1Zeraora
56%
1Zéroïd
56%
1Amassel
44%
1Ampibidou
44%
1Arboliva
44%
1Arcanin de Hisui
44%
1Archéduc de Hisui
44%
1Artikodin de Galar
44%
1Balbalèze
44%
1Baojian
44%
1Berserkatt
44%
1Briochien
44%
1Canarbello
44%
1Caninos de Hisui
44%
1Carmadura
44%
1Charbambin
44%
1Chef-de-Fer
44%
1Chochodile
44%
1Chongjian
44%
1Clamiral de Hisui
44%
1Cléopsytra
44%
1Coiffeton
44%
1Colimucus de Hisui
44%
1Corayôme
44%
1Craparoi
44%
1Crocogril
44%
1Cryodo
44%
1Délestin
44%
1Dofin
44%
1Dogrino
44%
1Électhor de Galar
44%
1Électrode de Hisui
44%
1Favianos
44%
1Félicanis
44%
1Feu-Perçant
44%
1Filentrappe
44%
1Flamenroule
44%
1Flâmigator
44%
1Flotillon
44%
1Fongus-Furie
44%
1Forgelina
44%
1Forgella
44%
1Forgerette
44%
1Fort-Ivoire
44%
1Fortusimia
44%
1Fragilady de Hisui
44%
1Fragroin
44%
1Frigodo
44%
1Fulgulairo
44%
1Galvagla
44%
1Galvagon
44%
1Gambex
44%
1Gigansel
44%
1Glaivodo
44%
1Gourmelet
44%
1Gribouraigne
44%
1Gromago
44%
1Grondogue
44%
1Hydragla
44%
1Hydragon
44%
1Ire-Foudre
44%
1Lilliterelle
44%
1Malvalame
44%
1Matourgeon
44%
1Miaouss d'Alola
44%
1Miaouss de Galar
44%
1Miascarade
44%
1Mordudor
44%
1Muplodocus de Hisui
44%
1Nigirigon
44%
1Ogerpon
44%
1Olivado
44%
1Olivini
44%
1Oyacata
44%
1Palmaval
44%
1Pâtachiot
44%
1Pêchaminus
44%
1Persian d'Alola
44%
1Piétacé
44%
1Pimito
44%
1Pohmarmotte
44%
1Pohmotte
44%
1Poltchageist
44%
1Pomdorochi
44%
1Pomdramour
44%
1Pondralugon
44%
1Poussacha
44%
1Rattatac d'Alola
44%
1Rattata d'Alola
44%
1Roc-de-Fer
44%
1Scovilain
44%
1Selutin
44%
1Spectreval
44%
1Sulfura de Galar
44%
1Superdofin
44%
1Tag-Tag
44%
1Tapatoès
44%
1Tauros de Paldea
44%
1Terraiste
44%
1Têtampoule
44%
1Théffroyable
44%
1Tissenboule
44%
1Tomberro
44%
1Toutombe
44%
1Typhlosion de Hisui
44%
1Ursaking
44%
1Vert-de-Fer
44%
1Zapétrel
44%
1Zoroark de Hisui
44%
1Zorua de Hisui
44%
1Axoloto de Paldea
33%
1Canarticho de Galar
33%
1Cerbyllin
33%
1Corayon de Galar
33%
1Darumacho
33%
1Darumarond
33%
1Farfuret de Hisui
33%
1Gueriaigle de Hisui
33%
1Limonde de Galar
33%
1Palarticho
33%
1Raichu d'Alola
33%
1Smogogo de Galar
33%
1Tutafeh
33%
1Tutafeh de Galar
33%
1Tutétékri
33%
1Virevorreur
33%
1Virovent
33%
1Voltorbe de Hisui
33%
1Vrombi
33%
1Vrombotor
33%
1Ursaking Lune Vermeille
11%

Distribution des résultats

Percentile par nombre de réponses

% des personnes avec chaque résultat

Votre développement - résultats

Vous n’avez pas pris ce quiz